000 00738cab a2200217 4500
001 ABS48151
008 090401t1993 xxu||||| |||| 00| 0 eng d
035 _a(Sirsi) u65242
041 _aeng
100 _aPowell-Smith, V.
245 _aGuidance on retention of title clauses
260 _c1993
350 _a0
490 _aContract Journal
_v367(5915) 11 March 1993, 15(1)
520 _aDiscusses the case "Stroud Architectural Systems Ltd v John Laing Construction Ltd" (1993) which concerned the retention of title for glazing units for which payment had not been received.
650 _aCLAIMS
650 _aRETENTION OF TITLE
690 _aBUILT ENVIRONMENT-BUILDING CONTRACT FORMS
942 _n0
948 _c04/03/1997
999 _c40681
_d40681